000 00596nam a2200205 a 4500
005 20210219152942.0
008 991125n 000 0 spa u
035 _aUPN01000068431
100 _aBUSSMANN, Hans
222 _aEDUCACION :
_bCOLECCION SEMESTRAL DE APORTACIONES ALEMANAS RECIENTES EN LAS CIENCIAS PEDAGOGICAS
245 _aLa computadora y la educación general
300 _a71-85
362 _a1989, vol. 39
653 0 _aCOMPUTADORA
653 0 _aENSEÑANZA
653 0 _aMEDIOS DIDACTICOS
700 _aWERNER HEYMANN, Hans
904 _aAC
_b006242
905 _aArticulo
999 _c64557
_d64557